000
00294nam a22001337a 4500
008
181207b xxu||||| |||| 00| 0 eng d
020
_a
9780201258288
041
_a
eng
080
_a
941
100
_a
16
101
_a
HIS
245
_a
Theory Of Computation
_c
Bernard M M
942
_2
udc
_c
BK
999
_c
52982
_d
52982